[Event "Liguria Region-ch"]
[Site "Spotorno"]
[Date "2016.05.15"]
[Round "5"]
[White "Mandolini, Alessandro"]
[Black "Ivaldo, Fabrizio"]
[Result "1-0"]
[WhiteElo "1790"]
[BlackElo "1902"]
[PlyCount "68"]
[EventDate "2016.05.13"]
[EventType "swiss"]
[EventRounds "5"]
[EventCountry "ITA"]
[SourceTitle "EXT 2018"]
[Source "ChessBase"]
[SourceDate "2017.10.13"]
[SourceVersion "1"]
[SourceVersionDate "2017.10.13"]
[SourceQuality "1"]

1. c4 f5 2. g3 Nf6 3. Bg2 g6 4. Nc3 Bg7 5. e3 0-0 6. Nge2 d6 7. 0-0 e5 8. d3 a5 9. Rb1 c6 10. b3 Na6 11. a3 Nc7 12. b4 axb4 13. axb4 d5 14. cxd5 Ncxd5 15. Nxd5 cxd5 16. Qb3 Be6 17. Bb2 Qd6 18. Qc3 Nd7 19. d4 Rfc8 20. dxe5 Nxe5 21. Qb3 Rc4 22. Bd4 Bf7 23. Bc5 Qa6 24. Nf4 Re4 25. Nxd5 Qc4 26. Ne7+ Kh8 27. Qxc4 Bxc4 28. Rfd1 Nd3 29. Bxe4 fxe4 30. h4 Bf6 31. Bd4 Ne5 32. Bxe5 Bxe5 33. b5 Bd3 34. Rbc1 Bxb5 1-0

[Event "Liguria Region-ch"]
[Site "Spotorno"]
[Date "2016.05.13"]
[Round "1"]
[White "Ivaldo, Fabrizio"]
[Black "Pesce, Leandro"]
[Result "1/2-1/2"]
[WhiteElo "1902"]
[BlackElo "1660"]
[PlyCount "81"]
[EventDate "2016.05.13"]
[EventType "swiss"]
[EventRounds "5"]
[EventCountry "ITA"]
[SourceTitle "EXT 2018"]
[Source "ChessBase"]
[SourceDate "2017.10.13"]
[SourceVersion "1"]
[SourceVersionDate "2017.10.13"]
[SourceQuality "1"]

1. d4 Nf6 2. Nf3 d5 3. Bg5 g6 4. e3 Bg7 5. Bd3 0-0 6. Nbd2 c6 7. Ne5 Nbd7 8. Ndf3 Nxe5 9. Nxe5 Nd7 10. f4 Nxe5 11. fxe5 f6 12. exf6 exf6 13. Bh4 Qe7 14. Qf3 Qe6 15. h3 Bh6 16. Bf2 Re8 17. 0-0 f5 18. Rae1 Bd7 19. Kh1 Rf8 20. Bg3 Qe7 21. Be5 Bg7 22. Bg3 Rae8 23. Re2 Rf7 24. a3 b5 25. Be1 Qe6 26. Bd2 Ref8 27. Qg3 Rf6 28. Rf3 h6 29. Bb4 R8f7 30. Qb8+ Bc8 31. Bc5 Qd7 32. Qg3 a6 33. Bb4 Qa7 34. Qe1 Be6 35. Ba5 Qd7 36. Qd2 g5 37. Ref2 h5 38. Re2 g4 39. hxg4 hxg4 40. Rf4 Rh6+ 41. Kg1 1/2-1/2

[Event "Imperia Savona Province-ch"]
[Site "Alassio"]
[Date "2016.01.17"]
[Round "4"]
[White "Guido, Pierpaolo"]
[Black "Ivaldo, Fabrizio"]
[Result "1-0"]
[WhiteElo "1440"]
[BlackElo "1869"]
[PlyCount "55"]
[EventDate "2016.01.15"]
[EventType "swiss"]
[EventRounds "5"]
[EventCountry "ITA"]
[SourceTitle "EXT 2018"]
[Source "ChessBase"]
[SourceDate "2017.10.13"]
[SourceVersion "1"]
[SourceVersionDate "2017.10.13"]
[SourceQuality "1"]

1. d4 Nf6 2. e3 g6 3. Bd3 Bg7 4. f4 d6 5. e4 e5 6. dxe5 dxe5 7. Bb5+ Bd7 8. Bxd7+ Nbxd7 9. Nc3 exf4 10. Bxf4 Nh5 11. Nge2 Nxf4 12. Nxf4 0-0 13. Qd3 Ne5 14. Qb5 Qd4 15. Qe2 Rfe8 16. Rd1 Qc4 17. 0-0 c6 18. Qe1 Ng4 19. Rd7 Qc5+ 20. Kh1 b5 21. Nd3 Qh5 22. Qg3 Nf6 23. Rb7 Nxe4 24. Qc7 Bd4 25. Rxf7 Nf2+ 26. Rxf2 Bxc3 27. Qf7+ Kh8 28. bxc3 1-0

[Event "Imperia Savona Province-ch"]
[Site "Alassio"]
[Date "2016.01.16"]
[Round "3"]
[White "Ivaldo, Fabrizio"]
[Black "Cirabisi, Federico"]
[Result "0-1"]
[WhiteElo "1869"]
[BlackElo "1986"]
[PlyCount "58"]
[EventDate "2016.01.15"]
[EventType "swiss"]
[EventRounds "5"]
[EventCountry "ITA"]
[SourceTitle "EXT 2018"]
[Source "ChessBase"]
[SourceDate "2017.10.13"]
[SourceVersion "1"]
[SourceVersionDate "2017.10.13"]
[SourceQuality "1"]

1. d4 d5 2. Nf3 e6 3. c4 c6 4. g3 Bd6 5. Bg2 Nd7 6. 0-0 f5 7. Qc2 Ngf6 8. Bg5 0-0 9. Nbd2 Qe8 10. Ne1 Qh5 11. Ndf3 Ne4 12. Bd2 Rf6 13. Nd3 g5 14. Nde5 Rh6 15. h4 Nxd2 16. Qxd2 gxh4 17. Nxd7 Bxd7 18. Nxh4 f4 19. Bf3 Qg5 20. Bg2 Rf8 21. Nf3 Qh5 22. c5 Bc7 23. Qe1 Rf7 24. e4 dxe4 25. Qxe4 Rg7 26. Rfe1 fxg3 27. Ne5 Qh2+ 28. Kf1 gxf2 29. Re2 Qg1# 0-1

[Event "Imperia Savona Province-ch"]
[Site "Alassio"]
[Date "2016.01.16"]
[Round "2"]
[White "Tripodi, Enzo"]
[Black "Ivaldo, Fabrizio"]
[Result "0-1"]
[WhiteElo "1722"]
[BlackElo "1869"]
[PlyCount "44"]
[EventDate "2016.01.15"]
[EventType "swiss"]
[EventRounds "5"]
[EventCountry "ITA"]
[SourceTitle "EXT 2018"]
[Source "ChessBase"]
[SourceDate "2017.10.13"]
[SourceVersion "1"]
[SourceVersionDate "2017.10.13"]
[SourceQuality "1"]

1. e4 e6 2. d4 d5 3. Nd2 Nf6 4. e5 Nfd7 5. Bd3 c5 6. c3 Nc6 7. Ne2 cxd4 8. cxd4 Qb6 9. Nf3 f6 10. exf6 Nxf6 11. Nc3 Bd6 12. 0-0 0-0 13. Re1 Bd7 14. h3 Rae8 15. Bb1 Bb8 16. Na4 Qc7 17. Nc5 Bc8 18. Bg5 b6 19. Bxf6 Rxf6 20. Nd3 Rxf3 21. gxf3 Qh2+ 22. Kf1 Nxd4 0-1

[Event "Genova Bombrini op"]
[Site "Genova"]
[Date "2014.10.05"]
[Round "4"]
[White "Serapiglia, Roberto"]
[Black "Ivaldo, Fabrizio"]
[Result "1-0"]
[WhiteElo "1727"]
[BlackElo "1837"]
[PlyCount "67"]
[EventDate "2014.10.03"]
[EventType "swiss"]
[EventRounds "5"]
[EventCountry "ITA"]
[SourceTitle "EXT 2016"]
[Source "ChessBase"]
[SourceDate "2015.10.08"]
[SourceVersion "1"]
[SourceVersionDate "2015.10.08"]
[SourceQuality "1"]

1. e4 e6 2. d3 d5 3. Nd2 c5 4. Ngf3 Nc6 5. g3 Nf6 6. Bg2 Be7 7. 0-0 0-0 8. Re1 b5 9. e5 Nd7 10. Nf1 a5 11. h4 Ba6 12. N1h2 c4 13. d4 c3 14. b3 Qb6 15. Bg5 Rfc8 16. Bxe7 Nxe7 17. Ng4 Nf8 18. a3 Ra7 19. b4 axb4 20. axb4 Rc4 21. Rb1 Nc6 22. Bf1 Rxb4 23. Rxb4 Nxb4 24. Ng5 Nc6 25. Bd3 Qxd4 26. Qe2 Qc5 27. Nf6+ gxf6 28. exf6 h6 29. Qh5 hxg5 30. Qxg5+ Ng6 31. h5 Qf8 32. hxg6 fxg6 33. Qxg6+ Kh8 34. Kg2 1-0

[Event "Torino Bombelli Memorial 11th"]
[Site "Torino"]
[Date "2011.09.11"]
[Round "5"]
[White "Briata, Federico"]
[Black "Ivaldo, Fabrizio"]
[Result "0-1"]
[WhiteElo "1745"]
[BlackElo "1913"]
[PlyCount "42"]
[EventDate "2011.09.09"]
[EventType "swiss"]
[EventRounds "5"]
[EventCountry "ITA"]
[SourceTitle "EXT 2023"]
[Source "ChessBase"]
[SourceDate "2022.10.05"]
[SourceVersion "1"]
[SourceVersionDate "2022.10.05"]
[SourceQuality "1"]

1. e4 e6 2. d4 d5 3. Nd2 Nf6 4. e5 Nfd7 5. c3 c5 6. f4 Nc6 7. Ndf3 Qb6 8. Ne2 f6 9. g3 cxd4 10. cxd4 fxe5 11. fxe5 Bb4+ 12. Nc3 0-0 13. Bh3 Ndxe5 14. dxe5 Nxe5 15. Bf4 Rxf4 16. gxf4 Qe3+ 17. Qe2 Nxf3+ 18. Kf1 Qxf4 19. Qf2 Bxc3 20. bxc3 Bd7 21. Bg2 Bb5+ 0-1

[Event "Torino Bombelli Memorial 11th"]
[Site "Torino"]
[Date "2011.09.09"]
[Round "2"]
[White "Ivaldo, Fabrizio"]
[Black "Coxe, Marino"]
[Result "1/2-1/2"]
[WhiteElo "1913"]
[BlackElo "1744"]
[PlyCount "96"]
[EventDate "2011.09.09"]
[EventType "swiss"]
[EventRounds "5"]
[EventCountry "ITA"]
[SourceTitle "EXT 2023"]
[Source "ChessBase"]
[SourceDate "2022.10.05"]
[SourceVersion "1"]
[SourceVersionDate "2022.10.05"]
[SourceQuality "1"]

1. e4 c5 2. Nf3 d6 3. d4 cxd4 4. Nxd4 Nf6 5. Nc3 a6 6. Bg5 e5 7. Nb3 Be7 8. Be2 Nc6 9. 0-0 0-0 10. Qd2 Be6 11. Rad1 Ne8 12. Bxe7 Qxe7 13. Nd5 Qd8 14. Ne3 Qc7 15. c3 Rd8 16. Qc2 Nf6 17. Rfe1 d5 18. Nc5 Ne7 19. Nxe6 fxe6 20. Bf3 dxe4 21. Rxd8 Rxd8 22. Bxe4 Nxe4 23. Qxe4 b5 24. Rd1 Rxd1+ 25. Nxd1 Qd6 26. Qf3 e4 27. Qe2 Nf5 28. g3 Qd3 29. Kf1 Qf3 30. Qxf3 exf3 31. Ne3 Nd6 32. Ke1 e5 33. Nd5 e4 34. b3 a5 35. Kd2 Kf7 36. Ne3 Ke6 37. Nc2 Ke5 38. Ne3 g6 39. a3 b4 40. axb4 axb4 41. cxb4 Nb5 42. Nc2 Kd5 43. Ne3+ Kd4 44. Nc2+ Ke5 45. Ke3 Nc3 46. Kd2 Nb5 47. Ne3 Kd4 48. Nc2+ Ke5 1/2-1/2

[Event "Torino 150 Italy Unity op B"]
[Site "Torino"]
[Date "2011.06.04"]
[Round "6"]
[White "Ivaldo, Fabrizio"]
[Black "D'Amato, Piergiorgio"]
[Result "1/2-1/2"]
[WhiteElo "1925"]
[BlackElo "1855"]
[PlyCount "41"]
[EventDate "2011.05.31"]
[EventType "swiss"]
[EventRounds "9"]
[EventCountry "ITA"]
[SourceTitle "EXT 2024"]
[Source "ChessBase"]
[SourceDate "2023.10.10"]
[SourceVersion "1"]
[SourceVersionDate "2023.10.10"]
[SourceQuality "1"]

1. e4 e6 2. d4 d5 3. Nc3 Nf6 4. Bg5 Bb4 5. e5 h6 6. Bd2 Bxc3 7. bxc3 Ne4 8. Bd3 Nxd2 9. Kxd2 c5 10. Qg4 Kf8 11. Nf3 Nc6 12. Qf4 Bd7 13. Bg6 Be8 14. Rab1 Qc7 15. Rb2 cxd4 16. cxd4 Rc8 17. Rhb1 Nxe5 18. Bd3 b6 19. g4 Nc4+ 20. Bxc4 Qxc4 21. Qe3 1/2-1/2

[Event "Savona Provinz-ch"]
[Site "Savona"]
[Date "2011.01.30"]
[Round "5"]
[White "Ivaldo, Fabrizio"]
[Black "Nikolajevic, Tihomir"]
[Result "1-0"]
[WhiteElo "1920"]
[BlackElo "1865"]
[PlyCount "113"]
[EventDate "2011.01.28"]
[EventType "swiss"]
[EventRounds "5"]
[EventCountry "ITA"]
[SourceTitle "EXT 2012"]
[Source "ChessBase"]
[SourceDate "2011.11.24"]
[SourceVersion "1"]
[SourceVersionDate "2011.11.24"]
[SourceQuality "1"]

1. d4 Nf6 2. c4 e6 3. Nc3 d5 4. Bg5 Be7 5. e3 0-0 6. Nf3 Nbd7 7. Rc1 c6 8. a3 h6 9. Bh4 Re8 10. h3 dxc4 11. Bxc4 Nd5 12. Nxd5 exd5 13. Bxe7 Qxe7 14. Bd3 Nf6 15. 0-0 Be6 16. Bb1 Ne4 17. Ne5 Bf5 18. Qf3 Bh7 19. Qf4 f6 20. Nf3 Nd6 21. Bxh7+ Kxh7 22. Nd2 Ne4 23. Nxe4 Qxe4 24. Qxe4+ Rxe4 25. Rc3 Rae8 26. b4 R4e6 27. a4 R8e7 28. Rfc1 Rd6 29. Rc5 Red7 30. b5 cxb5 31. axb5 Rb6 32. Ra1 a6 33. bxa6 bxa6 34. Raa5 Rbd6 35. Rc8 Ra7 36. Rcc5 Rad7 37. Kf1 Kg6 38. f3 Kf7 39. Ke2 f5 40. Kd3 g6 41. Rc8 Rb7 42. Rac5 Rb3+ 43. Kc2 Rxe3 44. R5c7+ Re7 45. Rxe7+ Kxe7 46. Rh8 h5 47. Rh7+ Kf6 48. Ra7 Kg5 49. g3 f4 50. h4+ Kf5 51. Rf7+ Rf6 52. g4+ hxg4 53. fxg4+ Ke6 54. Ra7 f3 55. Rxa6+ Kf7 56. Rxf6+ Kxf6 57. Kd3 1-0

[Event "Savona Provinz-ch"]
[Site "Savona"]
[Date "2011.01.29"]
[Round "2"]
[White "Coqueraut, Jean Dominique"]
[Black "Ivaldo, Fabrizio"]
[Result "1/2-1/2"]
[WhiteElo "1815"]
[BlackElo "1920"]
[PlyCount "36"]
[EventDate "2011.01.28"]
[EventType "swiss"]
[EventRounds "5"]
[EventCountry "ITA"]
[SourceTitle "EXT 2012"]
[Source "ChessBase"]
[SourceDate "2011.11.24"]
[SourceVersion "1"]
[SourceVersionDate "2011.11.24"]
[SourceQuality "1"]

1. d4 d5 2. c4 e6 3. Nc3 f5 4. cxd5 exd5 5. Nf3 Nf6 6. Bg5 c6 7. e3 Be7 8. Bd3 0-0 9. Ne5 Ne4 10. Bxe7 Qxe7 11. Qe2 Nd7 12. Nxd7 Bxd7 13. 0-0 Nxc3 14. bxc3 f4 15. exf4 Qxe2 16. Bxe2 Rxf4 17. Bd3 Bf5 18. Bxf5 Rxf5 1/2-1/2

[Event "Savona Provinz-ch"]
[Site "Savona"]
[Date "2011.01.29"]
[Round "3"]
[White "Ivaldo, Fabrizio"]
[Black "Altieri, Danilo Mario"]
[Result "1/2-1/2"]
[WhiteElo "1920"]
[BlackElo "1971"]
[PlyCount "73"]
[EventDate "2011.01.28"]
[EventType "swiss"]
[EventRounds "5"]
[EventCountry "ITA"]
[SourceTitle "EXT 2012"]
[Source "ChessBase"]
[SourceDate "2011.11.24"]
[SourceVersion "1"]
[SourceVersionDate "2011.11.24"]
[SourceQuality "1"]

1. e4 d5 2. exd5 Nf6 3. d4 Nxd5 4. c4 Nb6 5. Nc3 g6 6. Bf4 Bg7 7. Be5 Bxe5 8. dxe5 Qxd1+ 9. Rxd1 c6 10. Be2 Be6 11. b3 a5 12. Ne4 N8d7 13. Ng5 Nxe5 14. Nxe6 fxe6 15. Nf3 Nxf3+ 16. Bxf3 0-0 17. 0-0 a4 18. Bg4 Rf6 19. Rfe1 axb3 20. axb3 Kf7 21. Ra1 Rb8 22. Ra5 h6 23. Bh3 Rd8 24. Rae5 Rd3 25. c5 Nd5 26. Bxe6+ Kf8 27. Bxd5 cxd5 28. Rxe7 Rxb3 29. Rd7 Rb2 30. Rxd5 Rbxf2 31. Rd8+ Kg7 32. Rd7+ Rf7 33. Rxf7+ Rxf7 34. Re6 Rf6 35. Re7+ Rf7 36. Re6 Rf6 37. Rb6 1/2-1/2

[Event "Savona Province-ch"]
[Site "Savona"]
[Date "2010.02.14"]
[Round "4"]
[White "Ivaldo, Fabrizio"]
[Black "Pesce, Gabriele"]
[Result "0-1"]
[WhiteElo "1920"]
[BlackElo "2168"]
[PlyCount "44"]
[EventDate "2010.02.12"]
[EventType "swiss"]
[EventRounds "5"]
[EventCountry "ITA"]
[SourceTitle "EXT 2024"]
[Source "ChessBase"]
[SourceDate "2023.10.10"]
[SourceVersion "1"]
[SourceVersionDate "2023.10.10"]
[SourceQuality "1"]

1. d4 Nf6 2. c4 g6 3. Nc3 Bg7 4. e4 d6 5. f3 0-0 6. Be3 c5 7. d5 Nbd7 8. Qd2 Re8 9. Nge2 Ne5 10. Ng3 h5 11. h4 a6 12. a4 b6 13. Be2 Qc7 14. 0-0 e6 15. dxe6 Bxe6 16. Nd5 Bxd5 17. exd5 Nh7 18. f4 Nxc4 19. Bxc4 Rxe3 20. Ne2 Qe7 21. g3 Re8 22. Rae1 Bd4 0-1

[Event "Savona Province-ch"]
[Site "Savona"]
[Date "2010.02.13"]
[Round "2"]
[White "Restifo, Katiuscia Dolores"]
[Black "Ivaldo, Fabrizio"]
[Result "0-1"]
[WhiteElo "1805"]
[BlackElo "1920"]
[PlyCount "46"]
[EventDate "2010.02.12"]
[EventType "swiss"]
[EventRounds "5"]
[EventCountry "ITA"]
[SourceTitle "EXT 2024"]
[Source "ChessBase"]
[SourceDate "2023.10.10"]
[SourceVersion "1"]
[SourceVersionDate "2023.10.10"]
[SourceQuality "1"]

1. e4 e5 2. Nf3 Nc6 3. Bc4 Nf6 4. d3 Be7 5. a3 d6 6. h3 0-0 7. Be3 h6 8. Nc3 Be6 9. Nd5 Qd7 10. Qd2 Nd8 11. Nxe7+ Qxe7 12. Bxe6 Nxe6 13. b4 Nh7 14. 0-0 f5 15. exf5 Rxf5 16. Qe2 Raf8 17. Kh1 Rxf3 18. gxf3 Qh4 19. Kg2 Nhg5 20. Rh1 Rxf3 21. Kf1 Rxh3 22. Rxh3 Qxh3+ 23. Ke1 Nf3+ 0-1